000 00740nam a2200265Ia 4500
005 20260302113908.0
008 008 260114s9999 xx 000 0 eng d
020 _a9781805015505
037 _aTextbook
040 _aCRL
040 _beng
040 _cCRL
041 _2eng
041 _aeng
084 _qCRL
100 _aSharon Mallon and Jo Smith, Foreword by Rosie Tressler OBE, CEO, Student Minds
_91117137
245 0 _aPreventing and Responding to Student Suicide
260 _bBloomsbury
260 _bJessica Kingsley Publisher
260 _c2021
650 _aPsychology
856 _uhttps://doi.org/10.5040/9781805015505?locatt=label:secondary_jkplibrary
942 _cEBOOK
999 _c1680618
_d1680618